Los Países de menor desarrollo económico relativo y la integración en América Latina /
Збережено в:
| Співавтори: | , |
|---|---|
| Формат: | Текст |
| Опубліковано: |
Buenos Aires:
BID. INTAL
|
| Теги: |
Додати тег
Немає тегів, Будьте першим, хто поставить тег для цього запису!
|
MARC
| LEADER | 00000 a a2200000 04500 | ||
|---|---|---|---|
| 001 | 22225 | ||
| 003 | |||
| 040 | |a CRAI/IIS |c CRAI/IIS | ||
| 090 | |a 150800 | ||
| 110 | |a BID. Instituto para la integración de América Latina | ||
| 245 | |a Los Países de menor desarrollo económico relativo y la integración en América Latina / |c BID. Instituto para la integración de América Latina | ||
| 260 | |a Buenos Aires: |b BID. INTAL | ||
| 300 | |a 343 p | ||
| 710 | |a BID. INTAL | ||
| 999 | |c 17516 |d 17516 | ||
